Pays avec les plus grandes économies par PIB - Statistiques

Statistiques générales
  • Ce quiz a été pris 80 797 fois
    7 762 depuis la dernière actualisation
  • Le résultat moyen est 17 sur 20
Statistiques - réponses
Milliards Pays % Correct
32 384 États-Unis
100%
4 734 France
100%
45 074 Chine
99%
6 408 Allemagne
97%
7 525 Russie
97%
18 902 Inde
96%
7 262 Japon
95%
5 230 Brésil
94%
2 978 Espagne
94%
2 911 Canada
93%
4 721 Royaume-Uni
93%
3 872 Italie
92%
3 581 Mexique
88%
3 542 Corée du Sud
82%
2 895 Arabie Saoudite
76%
5 449 Indonésie
72%
4 025 Turquie
69%
2 567 Égypte
60%
2 424 Nigeria
46%
2 275 Taïwan
46%
Aucun quiz correspondant
Distribution des résultats
% des personnes avec chaque résultat
Percentile par nombre de réponses
Votre historique - résultats
Vous n’avez pas pris ce quiz depuis la dernière actualisation